The pesticide manual A world compendium dictionary
Zapisane w:
| Format: | Książka |
|---|---|
| Język: | Undetermined |
| Wydane: |
London
BCPC
|
| Hasła przedmiotowe: | |
| Etykiety: |
Dodaj etykietę
Nie ma etykietki, Dołącz pierwszą etykiete!
|
| Thư viện lưu trữ: | Trung tâm Học liệu Trường Đại học Cần Thơ |
|---|
| LEADER | 00438nam a2200157Ia 4500 | ||
|---|---|---|---|
| 001 | CTU_26596 | ||
| 008 | 210402s9999 xx 000 0 und d | ||
| 082 | |a 632.950212 | ||
| 082 | |b P476 | ||
| 245 | 4 | |a The pesticide manual | |
| 245 | 2 | |b A world compendium dictionary | |
| 260 | |a London | ||
| 260 | |b BCPC | ||
| 650 | |a agricultural chemicals,pesticides | ||
| 904 | |i Minh, 981014 | ||
| 980 | |a Trung tâm Học liệu Trường Đại học Cần Thơ | ||